Responses for Show #3585 - Friday, March 17, 2000

Robin Carroll game 5.

Contestants

[<< previous game]

Jason Avant, a writer from San Diego, California

Alexandra Dixon, an Internet software developer from San Francisco, California

Robin Carroll, a researcher from Marietta, Georgia (whose 4-day cash winnings total $51,100)

[next game >>]

Jeopardy! Round responses

COLORFUL LITERATURE
SYMBOLIC RODENTS
THEY'RE STONED
CORN-UCOPIA
INSTRUMENT BY PERFORMERS
(Alex: We'll give you the performers, you identify the instrument.)
THE BOD SQUAD
    $100 1
The Red Badge of Courage

Robin
    $100 16
(Jason: What is a lab rat?)

a guinea pig

RobinJason
    $100 6
Sharon Stone

Robin
    $100 25
(Alex: Less than a minute to go.)

Fritos

Alexandra
    $100 11
piano

Jason
    $100 21
mouth

Robin
    $200 2
Black Beauty

Robin
    $200 17
a rat

Alexandra
    $200 7
Oliver Stone

Robin
    $200 26
Orville Redenbacher

Jason
    $200 12
voice

Jason
    $200 22
eyes

Jason
    $300 3
White Fang

Jason
    $300 18
Beavers

Jason
    $300 8
Sylvester "Sly" Stone

Alexandra
    $300 27
(Robin: What is Omaha?)

Lincoln

RobinJason
    $300 13
(Alexandra: What is piano?)

drums

RobinAlexandra
    $300 23
mustache

Jason
    $400 4
A Clockwork Orange

Robin
    $800 19
(Jason: [No response])

The Chipmunks ("The Chipmunk Song" ("Christmas Don't Be Late"))

Jason
    $400 9
Stone Phillips

Robin
    $400 28
tamales

Robin
    $400 14
guitar

Robin
    $400 24
hands

Alexandra
    $500 5
Green Mansions

Robin
    $500 20
a mouse

Robin
    $500 10
Irving Stone

Robin
    $500 29
Mazola

Jason
    $500 15
synthesizer

Robin
    $500 30
legs

Alexandra

Scores at the first commercial break (after clue 15):

Robin Alexandra Jason
$3,600 $0 $600

Scores at the end of the Jeopardy! Round:

Robin Alexandra Jason
$4,400 $1,200 $1,500

Double Jeopardy! Round responses

BORN IN IRELAND
(Alex: Since no one's mentioned St. Patrick's Day yet)
THE 8th CENTURY
CINEMATIC TITLE PAIRS
SCIENTISTS
3-LETTER WORDS
JEOPARDY! BOOBY TRAPS
(Alex: These are clues that include some traditional key words, so watch out for them!)
    $200 2
Duke of Wellington

Jason
    $200 24
Japan

Robin
    $200 3
Dumb

Jason
    $200 8
Pierre & Marie Curie

Robin
    $200 13
Tin

Robin
    $200 1
Tahiti

Robin
    $400 9
Pierce Brosnan

Jason
    $400 4
Monty Python

Robin
    $400 11
(Robin: What is lead?)

Aluminum

RobinJason
    $400 14
hot

Robin
    $400 18
(Jason: Who was Picasso?)

Georges Braque

Jason
Triple Stumper
    $1,300 10
(Jason: Who is Molly McGuire?)

"Mother" Jones

Jason
    $600 5
James

Robin
    $600 12
Charles Goodyear

Alexandra
    $600 15
hum

Alexandra
    $600 19
Pete Best

Robin
    $800 25
(Alex: With about a minute to go.)

Richard Harris

Robin
    $800 28
[The end-of-round signal sounds.]

November 1

Jason
    $800 6
Arsenic

Robin
    $800 22
General Electric

Triple Stumper
    $800 16
wan

Robin
    $800 20
Sir Walter Scott

Robin
    $1000 26
Victor Herbert

Robin
    $2,000 27
Pepin the Short

Robin
    $1000 7
Freebie

Jason
    $1000 23
(Robin: Who was Skinner?)

John Broadus Watson

Robin
Triple Stumper
    $1000 17
"Hap"

Robin
    $1000 21
Vichy

Jason

Scores at the end of the Double Jeopardy! Round:

Robin Alexandra Jason
$13,000 $2,400 $3,800
(lock game)

[wagering suggestions for these scores]

Final Jeopardy! Round responses

HISTORIC AMERICAN HOMES
(Alex: Robin, now you get to win a special prize also... what have you selected?)
(Robin: The Tahoe.)
(Alex: We'll see you in our Tournament of Champions... three new players on Monday.)
AlexandraWho was/is John Wilkes Booth
$1,401
JasonWho J.
$1,200
RobinWho was John Wilkes Booth?
$0
John Wilkes Booth (It's called Tudor Hall & it's near Baltimore)

Final scores:

Robin Alexandra Jason
$13,000 $3,801 $2,600
5-day champion: $64,100 2nd place: a trip to Merv Griffin's St. Cleran Manor House, Galway, Ireland 3rd place: Fisher Home Theater System

Game dynamics:

Coryat scores:

Robin Alexandra Jason
$12,000 $2,400 $5,900
30 R
(including 1 DD),
3 W
7 R,
1 W
16 R,
4 W
(including 2 DDs)

Combined Coryat: $20,300

[game clues] [game scores] [suggest correction]

Game tape date: 1999-12-15
The J! Archive is created by fans, for fans. Scraping, republication, monetization, and malicious use prohibited; this site may use cookies and collect identifying information. See terms. The Jeopardy! game show and all elements thereof, including but not limited to copyright and trademark thereto, are the property of Jeopardy Productions, Inc. and are protected under law. This website is not affiliated with, sponsored by, or operated by Jeopardy Productions, Inc. Join the discussion at JBoard.tv.